Principles of education and dynamic methods, (Record no. 54463)

MARC details
000 -LEADER
fixed length control field 00589cam a22002171 4500
001 - CONTROL NUMBER
control field sa 63002430
003 - CONTROL NUMBER IDENTIFIER
control field DLC
005 - DATE AND TIME OF LATEST TRANSACTION
control field 20260227111933.0
008 - FIXED-LENGTH DATA ELEMENTS--GENERAL INFORMATION
fixed length control field 890823s1962 ii 000 0 eng
010 ## - LIBRARY OF CONGRESS CONTROL NUMBER
LC control number sa 63002430
025 ## - OVERSEAS ACQUISITION NUMBER
Overseas acquisition number PL480:I-E-1282
035 ## - SYSTEM CONTROL NUMBER
System control number (OCoLC)20240484
040 ## - CATALOGING SOURCE
Original cataloging agency DLC
Transcribing agency CU
Modifying agency DLC
042 ## - AUTHENTICATION CODE
Authentication code premarc
050 00 - LIBRARY OF CONGRESS CALL NUMBER
Classification number LB1025
Item number .V4
100 1# - MAIN ENTRY--PERSONAL NAME
Personal name Verghese, Tholath Paul,
Dates associated with a name 1911-
245 10 - TITLE STATEMENT
Title Principles of education and dynamic methods,
Statement of responsibility, etc. by T. Paul Verghese.
260 ## - PUBLICATION, DISTRIBUTION, ETC.
Place of publication, distribution, etc. Trichur,
Name of publisher, distributor, etc. Allied Printers,
Date of publication, distribution, etc. 1962.
300 ## - PHYSICAL DESCRIPTION
Extent 151 p.
Dimensions 19 cm.
650 #0 - SUBJECT ADDED ENTRY--TOPICAL TERM
Topical term or geographic name entry element Education.

No items available.

Powered by Koha